History of the Pakistan Air Force: (Record no. 595409)
[ view plain ]
| 000 -LEADER | |
|---|---|
| fixed length control field | 00403nam a22001337a 4500 |
| 040 ## - CATALOGING SOURCE | |
| Transcribing agency | NUST |
| 082 ## - DEWEY DECIMAL CLASSIFICATION NUMBER | |
| Classification number | 358.40095491 SHA |
| 100 ## - MAIN ENTRY--PERSONAL NAME | |
| Personal name | Hussain, Syed Shabbir |
| 9 (RLIN) | 21062 |
| 110 ## - MAIN ENTRY--CORPORATE NAME | |
| Corporate name or jurisdiction name as entry element | Leader, Squadron Qureshi, M. Tariq |
| 9 (RLIN) | 114007 |
| 245 ## - TITLE STATEMENT | |
| Title | History of the Pakistan Air Force: |
| Remainder of title | 1947-1982 |
| 260 ## - PUBLICATION, DISTRIBUTION, ETC. | |
| Place of publication, distribution, etc. | Karachi: |
| Name of publisher, distributor, etc. | PAF Press, |
| Date of publication, distribution, etc. | 1982. |
| 650 ## - SUBJECT ADDED ENTRY--TOPICAL TERM | |
| Topical term or geographic name entry element | History of the Pakistan Air Force |
| 9 (RLIN) | 114000 |
| 942 ## - ADDED ENTRY ELEMENTS (KOHA) | |
| Source of classification or shelving scheme | |
| Koha item type | Book |
| Withdrawn status | Lost status | Source of classification or shelving scheme | Damaged status | Not for loan | Permanent Location | Current Location | Shelving location | Date acquired | Total Checkouts | Full call number | Barcode | Date last seen | Price effective from | Koha item type |
|---|---|---|---|---|---|---|---|---|---|---|---|---|---|---|
| College of Electrical & Mechanical Engineering (CEME) | College of Electrical & Mechanical Engineering (CEME) | General Stacks | 08/05/2023 | 358.40095491 SHA | CEME-42315 | 08/05/2023 | 08/05/2023 | Book |
